| 000 | 00712nam a2200241 a 4500 | ||
|---|---|---|---|
| 005 | 20230919112216.0 | ||
| 008 | 840315s1984 flua b 001 0 eng | ||
| 010 | _a 83003688 | ||
| 020 | _a0849352061 | ||
| 040 |
_aDLC _cDLC _dDLC |
||
| 082 | 0 | 0 |
_a618.92 _219 _bGAL-C |
| 100 | _aGalli guido | ||
| 245 | 0 | 0 |
_aCraniosynostosis / _ceditor, Guido Galli. |
| 260 |
_aBoca Raton, Fla. : _bCRC Press, _cc1984. |
||
| 300 |
_a267 p. : _bill. ; _c29 cm. |
||
| 500 | _aInclude Index | ||
| 504 | _aIncludes bibliographical references and index. | ||
| 650 | 0 | _aCraniosynostoses. | |
| 650 | 2 | _aCraniosynostoses. | |
| 700 | 1 |
_aGalli, Guido, _d1927- |
|
| 906 |
_a7 _bcbc _corignew _d1 _eocip _f19 _gy-gencatlg |
||
| 999 |
_c33630 _d33630 |
||